|
|
|
|
| LEADER |
00000cam a2200000 a 4500 |
| 001 |
vtls001104556 |
| 003 |
SK-MaSNL |
| 005 |
20260301102143.0 |
| 008 |
240314s1976 xo g 0000d slo |
| 015 |
|
|
|a SNBA1976
|
| 035 |
|
|
|a SNK000047398
|
| 040 |
|
|
|a SNK
|b slo
|c SNK
|e AACR2
|
| 041 |
1 |
|
|a slo
|h bul
|
| 044 |
|
|
|a xo
|c SK
|
| 080 |
|
|
|a 886.7-2
|2 1981
|
| 100 |
1 |
|
|a Zidarov, Kamen,
|d 1902-
|4 aut
|9 241629
|
| 240 |
1 |
0 |
|a Carska milost
|l Slovensky
|
| 245 |
1 |
0 |
|a Cárska milosť
|b Hra v siedmich obrazoch
|c Kamen Zidarov ; z bul. orig. prel. Anna Sýkorová
|
| 260 |
|
|
|a Bratislava
|b Lita
|c 1976
|
| 300 |
|
|
|a 98 s., 5,72 AH
|c 29 cm
|
| 655 |
|
7 |
|a bulharská dráma
|2 SNKPH
|9 437504
|
| 655 |
|
7 |
|a divadelné hry
|2 SNKPH
|9 70577
|
| 700 |
1 |
|
|a Zidarov, Kamen,
|d 1902-
|4 aut
|9 241629
|
| 700 |
1 |
|
|a Sýkorová, Anna
|4 trl
|9 278481
|
| 958 |
|
|
|a OND
|
| 958 |
|
|
|a SS
|
| 958 |
|
|
|a RM
|
| 958 |
|
|
|a UP
|
| 968 |
|
|
|b BUL
|
| 999 |
|
|
|c 691349
|d 693279
|
| 952 |
|
|
|a SNK
|b SNK
|y PREZ
|7 0
|p 17A0942300
|o snkSB 24630
|i snkKSP 887/77
|0 0
|1 0
|4 0
|d 2014-06-13
|f 1
|l 0
|r 2025-03-28 00:00:00
|w 2026-02-23
|
| 952 |
|
|
|a SNK
|b SNK
|y VYP
|7 0
|o snkSB 24630 D1
|i snkKSP 888/77
|0 0
|1 0
|4 0
|d 2014-06-13
|l 0
|r 2026-02-23 20:27:28
|w 2026-02-23
|